Personnalités célèbres commençant par T - Statistiques

Statistiques générales
  • Ce quiz a été pris 68 fois
  • Le résultat moyen est 7 sur 16
Statistiques - réponses
Par images Réponse % Correct
Tal
75%
Bernard Tapie
74%
Arnaud Tsamere
67%
Audrey Tautou
67%
Lilian Thuram
64%
Jo-Wilfried Tsonga
62%
Margaret Thatcher
61%
Fred Testot
57%
Valérie Trierweiler
39%
Pierre Tchernia
34%
Charlize Theron
31%
Mélanie Thierry
31%
Mélissa Theuriau
23%
Jean Todt
20%
Sébastien Thoen
10%
Éric Toledano
8%
Aucun quiz correspondant
Distribution des résultats
% des personnes avec chaque résultat
Percentile par nombre de réponses
Votre historique - résultats
Vous n’avez pas pris ce quiz